Taylor Swift - Paroles This Love - Statistiques

Statistiques générales
  • Ce quiz a été pris 62 fois
  • Le résultat moyen est 328 sur 385
Statistiques - réponses
Hint Réponse % Correct
a
100%
and
98%
And
98%
go
98%
I
98%
is
98%
love
98%
love,
98%
love)
98%
the
98%
this
98%
Post-refrain | Refrain This
98%
(This
98%
(this
98%
me,
95%
to
95%
you
95%
You
95%
bad
93%
good
93%
came
91%
oh
91%
Oh,
91%
(oh)
91%
oh)
91%
what
91%
back
88%
from
88%
in
86%
Pré-refrain In
86%
it
86%
my
84%
free
81%
hands
81%
let
81%
Bridge Your
81%
blue
79%
dead,
79%
leave
79%
water
79%
alive
77%
But
77%
had
77%
on
77%
on,
77%
knees
74%
watched
74%
When
74%
Couplet 1 Clear
72%
come
72%
dark,
72%
just
72%
were
72%
cheek
70%
could
70%
gone
70%
gone,
70%
kiss,
70%
These
70%
young
70%
you're
70%
never
67%
permanent
67%
fell
65%
mark
65%
of
65%
smile,
65%
dreams
63%
need
63%
again
60%
brought
60%
dreamed
60%
glowing
60%
left
60%
out
60%
screams
60%
time
60%
for
58%
up
56%
ships
53%
silent
53%
wildest
53%
will,
53%
new
51%
only
51%
run
51%
showed
51%
sinking
49%
someone
49%
night
47%
High
44%
losing
44%
skies
44%
darker,
42%
ghost
42%
grip,
42%
mind,
42%
still
42%
struggle
42%
through
42%
burning,
40%
tide
40%
Couplet 2 Tossing,
40%
turning,
40%
swept
37%
flickered
35%
Lantern,
35%
currents
30%
grow
30%
Pré-refrain Been
28%
that's
21%
Aucun quiz correspondant
Distribution des résultats
% des personnes avec chaque résultat
Percentile par nombre de réponses
Votre historique - résultats
Vous n’avez pas pris ce quiz